|
|
|
|
| LEADER |
00000nam2a2200000 4500 |
| 001 |
63664 |
| 005 |
20231101212059.0 |
| 010 |
|
|
|a 502034463X
|
| 035 |
|
|
|a (RuTPU)RU\TPU\book\67563
|
| 090 |
|
|
|a 63664
|
| 100 |
|
|
|a 20040519d2005 k y0rusy50 ca
|
| 101 |
0 |
|
|a rus
|
| 102 |
|
|
|a RU
|
| 105 |
|
|
|a y z 000zy
|
| 200 |
0 |
|
|a Т. 1. Математика и нелинейная механика. Математика. 1925-1990
|
| 210 |
|
|
|d 2005
|
| 215 |
|
|
|a 775 с.
|
| 330 |
|
|
|a Издание столь полного собрания научных трудов классика математики и естествознания Н. Н. Боголюбова предпринимается впервые. Оно будет состоять из двенадцати томов. В первый том вошли работы, которые открыли новые направления в теории дифференциальных уравнений, вариационном исчислении, теории тригонометрического приближения функций и сыграли решающую роль в становлении современной математической физики. Уникальность издания определяется тем, что включенные в него работы прежде никогда не публиковались совместно. Для студентов, аспирантов, научных работников и преподавателей - специалистов в области математики, математической физики и истории математики.
|
| 461 |
|
1 |
|0 (RuTPU)RU\TPU\book\99128
|y 5-02-034457-5
|t Собрание научных трудов
|o в 12 т.
|f Н. Н. Боголюбов
|g Российская академия наук; под ред. А. Д. Суханова
|v Т. 1. Математика и нелинейная механика. Математика. 1925-1990
|d 2005-2009
|s Классики науки
|
| 606 |
1 |
|
|a Физика
|2 stltpush
|3 (RuTPU)RU\TPU\subj\63709
|9 80688
|
| 606 |
1 |
|
|a Математика
|2 stltpush
|3 (RuTPU)RU\TPU\subj\67327
|9 83171
|
| 610 |
1 |
|
|a нелинейная механика
|
| 610 |
1 |
|
|a вариационные исчисления
|
| 610 |
1 |
|
|a дифференциальные уравнения
|
| 610 |
1 |
|
|a функции
|
| 610 |
1 |
|
|a тригонометрическое приближение
|
| 610 |
1 |
|
|a теория вероятностей
|
| 610 |
1 |
|
|a квантовая теория поля
|
| 610 |
1 |
|
|a математические проблемы
|
| 675 |
|
|
|a 53
|v 3
|
| 675 |
|
|
|a 51
|v 3
|
| 801 |
|
1 |
|a RU
|b 63413507
|c 20040519
|g PSBO
|
| 801 |
|
2 |
|a RU
|b 63413507
|c 20211126
|g PSBO
|
| 942 |
|
|
|c BK
|